000
00344 a2200157 4500
001
150610
040
_c
Escola São Tomás de Aquino
100
_a
NETO, Rosa Neto
240
1
0
_a
Saída pelo triâgulo
_l
por
245
1
0
_a
Saída pelo triâgulo
300
_a
63
362
0
_a
1988
440
1
_a
Ática
697
_a
MATEMÁTICA
942
_c
BK
999
_c
150610
_d
150610